[Event "Bad Ragaz op 11th"]
[Site "Bad Ragaz"]
[Date "2016.03.24"]
[Round "1"]
[White "Roth, Johannes"]
[Black "Teske, Henrik"]
[Result "0-1"]
[WhiteElo "1859"]
[BlackElo "2478"]
[PlyCount "52"]
[EventDate "2016.03.24"]
[EventType "swiss"]
[EventRounds "7"]
[EventCountry "SUI"]
[SourceTitle "EXT 2018"]
[Source "ChessBase"]
[SourceDate "2017.10.13"]
[SourceVersion "1"]
[SourceVersionDate "2017.10.13"]
[SourceQuality "1"]

1. Nf3 c5 2. c4 g6 3. g3 b6 4. Bg2 Bb7 5. 0-0 Bg7 6. e3 Nf6 7. d4 cxd4 8. exd4 d5 9. Ne5 0-0 10. Nc3 Na6 11. Be3 e6 12. Qd2 Rb8 13. Rad1 dxc4 14. a4 Bxg2 15. Kxg2 Rc8 16. Bh6 Nb4 17. Bxg7 Kxg7 18. g4 Nd3 19. Nxd3 cxd3 20. Qf4 Nd5 21. Qg3 Nxc3 22. bxc3 Qd5+ 23. Kg1 Rxc3 24. Rxd3 Rxd3 25. Qxd3 Rd8 26. Rd1 e5 0-1